The Consolidated Medium-Term Income and Expenditure Framework.

The medium-term income projections have been updated since the last estimate provided to the Executive Board in April 2014. The main changes to the outlook stem from a lower path for credit outstanding and expectations for a more gradual rise in interest rates. The revised projections show lower lev...

Ausführliche Beschreibung

Bibliographische Detailangaben
Körperschaft: International Monetary Fund
Format: Zeitschrift
Sprache:English
Veröffentlicht: Washington, D.C. : International Monetary Fund, 2015.
Schriftenreihe:Policy Papers; Policy Paper ; No. 2015/061
Online Zugang:Full text available on IMF
LEADER 02257cas a2200241 a 4500
001 AALejournalIMF020554
008 230101c9999 xx r poo 0 0eng d
020 |c 5.00 USD 
020 |z 9781498344722 
022 |a 2663-3493 
040 |a BD-DhAAL  |c BD-DhAAL 
110 2 |a International Monetary Fund. 
245 1 4 |a The Consolidated Medium-Term Income and Expenditure Framework. 
264 1 |a Washington, D.C. :  |b International Monetary Fund,  |c 2015. 
300 |a 1 online resource (13 pages) 
490 1 |a Policy Papers 
500 |a <strong>Off-Campus Access:</strong> No User ID or Password Required 
500 |a <strong>On-Campus Access:</strong> No User ID or Password Required 
506 |a Electronic access restricted to authorized BRAC University faculty, staff and students 
520 3 |a The medium-term income projections have been updated since the last estimate provided to the Executive Board in April 2014. The main changes to the outlook stem from a lower path for credit outstanding and expectations for a more gradual rise in interest rates. The revised projections show lower levels of net operational income over the coming years. Lending income is lower compared with earlier estimates as a result of lower credit levels, including the advance repurchases by Ireland and Portugal. Non-lending income is also projected to be lower reflecting a further downward shift in SDR interest rates and, thus, returns on investments and interest-free resources. The updated expenditure path assumes the net administrative budget remains constant in real terms at the FY 2012 level. The long-run projections indicate a broad balance between income and expenditures, assuming that interest rates rise to 3.5 percent and with lending returning to pre-crisis levels. The pace of reserve accumulation is expected to slow, reflecting the decline in Fund credit, and precautionary balances are now projected to remain slightly below the projected target of SDR 20 billion over the medium term compared with the earlier estimates. 
538 |a Mode of access: Internet 
830 0 |a Policy Papers; Policy Paper ;  |v No. 2015/061 
856 4 0 |z Full text available on IMF  |u http://elibrary.imf.org/view/journals/007/2015/061/007.2015.issue-061-en.xml  |z IMF e-Library